000 00232 a2200097 4500
001 35109
100 _aCunningham Sir
245 _aThe ancient geography of Kashmir
260 _aPakistan
_bPak Kashmir Pub
_c
090 _c23253
_d23253
942 _aNUST-CAE
_cM
_c14729
999 _c270182
_d270182